[Event "FBL 1"]
[Site "?"]
[Date "2017.05.01"]
[Round "11.2"]
[White "Hoolt, Sarah"]
[Black "Troyke, Doreen"]
[Result "1-0"]
[WhiteElo "2371"]
[BlackElo "2105"]
[PlyCount "87"]
[EventDate "2016.10.22"]
[EventType "team-tourn"]
[EventCountry "GER"]
[WhiteTeam "Hamburger SK"]
[BlackTeam "Erfurt SV Medizin"]
[WhiteTeamCountry "GER"]
[BlackTeamCountry "GER"]

1. e4 c5 2. Nc3 Nc6 3. Bb5 g6 4. Bxc6 dxc6 5. f4 Bg7 6. d3 Nf6 7. Be3 b6 8. h3
Nd7 9. Nf3 Qc7 10. Qd2 Bb7 11. a4 a5 12. O-O-O O-O-O 13. Ng5 Rdf8 14. e5 h6 15.
Nf3 Rd8 16. Rhe1 Nf8 17. Qf2 Kb8 18. d4 cxd4 19. Nxd4 Rc8 20. Nb3 c5 21. g4 h5
22. Nd5 Bxd5 23. Rxd5 Qc6 24. Red1 Qxa4 25. Kb1 hxg4 26. hxg4 Ne6 27. Qg3 Qe4
28. Rd7 g5 29. f5 Nd4 30. Bxd4 cxd4 31. Nxd4 Bxe5 32. Qb3 Bxd4 33. R1xd4 Qc6
34. Rxe7 Qc5 35. Rdd7 Rc6 36. Rb7+ Kc8 37. Ra7 Kd8 38. Red7+ Kc8 39. Rxf7 Kb8
40. Rfb7+ Kc8 41. Rh7 Kb8 42. Qg3+ Rd6 43. Rhb7+ Kc8 44. Rc7+ 1-0

[Event "FBL 1"]
[Site "?"]
[Date "2017.05.01"]
[Round "11.5"]
[White "Kube, Hannelore"]
[Black "Scognamiglio, Stefanie"]
[Result "1/2-1/2"]
[WhiteElo "1930"]
[BlackElo "2086"]
[PlyCount "69"]
[EventDate "2016.10.22"]
[EventType "team-tourn"]
[EventCountry "GER"]
[WhiteTeam "Erfurt SV Medizin"]
[BlackTeam "Hamburger SK"]
[WhiteTeamCountry "GER"]
[BlackTeamCountry "GER"]

1. c4 c5 2. Nc3 Nc6 3. g3 g6 4. Bg2 Bg7 5. e4 d6 6. Nge2 e6 7. d3 Nge7 8. O-O
O-O 9. Be3 Nd4 10. Qd2 Nec6 11. Bh6 Rb8 12. Bxg7 Kxg7 13. Nxd4 Nxd4 14. Ne2
Nxe2+ 15. Qxe2 e5 16. h4 Bd7 17. Kh2 Qc8 18. Qe3 a5 19. a4 Qe8 20. b3 Qc8 21.
Ra2 f6 22. f4 Qc7 23. Raf2 Qb6 24. Bh3 Bxh3 25. Kxh3 Rbc8 26. Rb1 Rc6 27. f5
Qd8 28. g4 Rc7 29. Rg1 Rh8 30. g5 Rf7 31. h5 Kf8 32. h6 fxg5 33. Rxg5 Qd7 34.
Kh2 Ke8 35. fxg6 1/2-1/2

[Event "FBL 1"]
[Site "?"]
[Date "2017.05.01"]
[Round "11.1"]
[White "Majdan Gajewska, Joanna"]
[Black "Gaponenko, Inna"]
[Result "1/2-1/2"]
[WhiteElo "2363"]
[BlackElo "2416"]
[PlyCount "60"]
[EventDate "2016.10.22"]
[EventType "team-tourn"]
[EventCountry "GER"]
[WhiteTeam "Rodewischer Schachmiezen"]
[BlackTeam "Karlsruher SF"]
[WhiteTeamCountry "GER"]
[BlackTeamCountry "GER"]

1. e4 c5 2. Nc3 Nc6 3. Bb5 Nd4 4. Nf3 e6 5. O-O a6 6. Bd3 Nc6 7. Re1 d6 8. a4
Nf6 9. Bc4 Be7 10. d4 cxd4 11. Nxd4 Bd7 12. Bg5 O-O 13. Nxc6 Bxc6 14. Qd4 d5
15. exd5 Nxd5 16. Bxe7 Nxe7 17. Qg4 Ng6 18. Bd3 Qh4 19. Qxh4 Nxh4 20. Be4 Rfc8
21. Rad1 Ng6 22. Rd6 Bxe4 23. Rxe4 Rc7 24. Kf1 Kf8 25. Ke2 Ne7 26. g4 Nd5 27.
Nxd5 exd5 28. Rxd5 Rxc2+ 29. Rd2 Rac8 30. Red4 Rxd2+ 1/2-1/2

[Event "FBL 1"]
[Site "?"]
[Date "2017.05.01"]
[Round "11.4"]
[White "Mader, Manuela"]
[Black "Kazarian, Anna Maja"]
[Result "1-0"]
[WhiteElo "2172"]
[BlackElo "2257"]
[PlyCount "111"]
[EventDate "2016.10.22"]
[EventType "team-tourn"]
[EventCountry "GER"]
[WhiteTeam "Karlsruher SF"]
[BlackTeam "Rodewischer Schachmiezen"]
[WhiteTeamCountry "GER"]
[BlackTeamCountry "GER"]

1. e4 c5 2. c3 d5 3. exd5 Qxd5 4. d4 Nc6 5. Nf3 Bg4 6. dxc5 Qxd1+ 7. Kxd1
O-O-O+ 8. Nbd2 e5 9. b4 e4 10. h3 Bf5 11. g4 exf3 12. gxf5 Be7 13. Kc2 Bf6 14.
a3 Nge7 15. Nxf3 Nd5 16. Bd2 Rhe8 17. Bc4 Re4 18. Bd3 Re7 19. Rae1 Red7 20. Bc4
h6 21. Re2 a6 22. Rhe1 Nce7 23. Kb3 Nxf5 24. Ne5 Re7 25. Ng4 Bh4 26. Bd3 g6 27.
Bxf5+ gxf5 28. Nxh6 Rxe2 29. Rxe2 f4 30. Nxf7 Rf8 31. Nd6+ Kc7 32. c4 f3 33.
Re8 Rxe8 34. Nxe8+ Kd8 35. cxd5 Bxf2 36. Nf6 Bxc5 37. Ne4 f2 38. Nxf2 Bxf2 39.
Kc4 Kd7 40. a4 Bg3 41. Bg5 Kd6 42. h4 b5+ 43. axb5 axb5+ 44. Kxb5 Kxd5 45. h5
Be5 46. h6 Bc3 47. Be7 Bd2 48. Bf8 Ke6 49. Kc5 Bc1 50. Bg7 Kf7 51. b5 Bf4 52.
b6 Kg6 53. Kc6 Kh7 54. b7 Kg6 55. Kd7 Kh7 56. Kc8 1-0

[Event "FBL 1"]
[Site "?"]
[Date "2017.05.01"]
[Round "11.5"]
[White "Korenova, Martina"]
[Black "Hund, Sarah"]
[Result "1-0"]
[WhiteElo "2154"]
[BlackElo "1947"]
[PlyCount "93"]
[EventDate "2016.10.22"]
[EventType "team-tourn"]
[EventCountry "GER"]
[WhiteTeam "Rodewischer Schachmiezen"]
[BlackTeam "Karlsruher SF"]
[WhiteTeamCountry "GER"]
[BlackTeamCountry "GER"]

1. d4 Nf6 2. c4 e6 3. g3 Bb4+ 4. Bd2 Qe7 5. Bg2 Nc6 6. Nf3 Ne4 7. O-O O-O 8. a3
Bxd2 9. Nfxd2 Nxd2 10. Qxd2 d6 11. Nc3 e5 12. Nd5 Qd8 13. e3 Be6 14. Rfe1 Rb8
15. b4 Ne7 16. e4 Nc6 17. dxe5 dxe5 18. Rad1 Nd4 19. Qc3 c6 20. Ne3 Qb6 21. Nf5
Bxf5 22. exf5 f6 23. c5 Qc7 24. f4 Rbd8 25. Qc4+ Qf7 26. Qxf7+ Kxf7 27. fxe5
fxe5 28. Rc1 Kf6 29. g4 h5 30. h3 hxg4 31. hxg4 Kg5 32. Rc3 Rfe8 33. Re4 Nb5
34. Rh3 Rd1+ 35. Kh2 Ra1 36. Ree3 Ra2 37. Kg3 Rxa3 38. Rh5+ Kf6 39. Rxa3 Nxa3
40. Be4 Rd8 41. g5+ Kf7 42. Rh7 Rd4 43. f6 Rxe4 44. Rxg7+ Ke6 45. Re7+ Kd5 46.
g6 Re1 47. f7 1-0

[Event "FBL 1"]
[Site "?"]
[Date "2017.05.01"]
[Round "11.6"]
[White "Scheynin, Julia"]
[Black "Steinbacher, Claudia"]
[Result "1/2-1/2"]
[WhiteElo "2028"]
[BlackElo "2043"]
[PlyCount "101"]
[EventDate "2016.10.22"]
[EventType "team-tourn"]
[EventCountry "GER"]
[WhiteTeam "Karlsruher SF"]
[BlackTeam "Rodewischer Schachmiezen"]
[WhiteTeamCountry "GER"]
[BlackTeamCountry "GER"]

1. e4 c5 2. Nc3 Nc6 3. g3 g6 4. Bg2 Bg7 5. f4 d6 6. d3 e6 7. Nf3 Nge7 8. O-O
O-O 9. Bd2 a6 10. Rb1 b5 11. a3 Qb6 12. Kh1 a5 13. a4 bxa4 14. Nxa4 Qc7 15. b3
Nd4 16. Nxd4 cxd4 17. c3 Ba6 18. c4 Nc6 19. f5 f6 20. fxe6 Rae8 21. Bf4 Ne5 22.
Bxe5 dxe5 23. b4 axb4 24. Rxb4 Rxe6 25. Qb3 Rf7 26. Rb1 Bf8 27. c5 Rc6 28. Rc1
Bc8 29. Rb6 Rxb6 30. Nxb6 Kg7 31. Nd5 Qa5 32. Qc2 Ra7 33. Qf2 Qd8 34. c6 Bd6
35. Rf1 Rf7 36. Qc2 Be6 37. Rc1 Bxd5 38. exd5 Qa5 39. g4 Qa3 40. Rf1 Rc7 41.
Be4 Be7 42. Qf2 Qd6 43. Qa2 Qc5 44. Qb2 Bd6 45. Qf2 Rf7 46. Qg2 Bc7 47. h4 Rf8
48. h5 Qd6 49. Qh3 Bd8 50. h6+ Kh8 51. Qg2 1/2-1/2

[Event "FBL 1"]
[Site "?"]
[Date "2017.05.01"]
[Round "11.3"]
[White "Duessler, Stefanie"]
[Black "Sherif, Amina"]
[Result "1/2-1/2"]
[WhiteElo "2086"]
[BlackElo "2080"]
[PlyCount "115"]
[EventDate "2016.10.22"]
[EventType "team-tourn"]
[EventCountry "GER"]
[WhiteTeam "Lehrte SK"]
[BlackTeam "Norderstedt TuRa Harksheide"]
[WhiteTeamCountry "GER"]
[BlackTeamCountry "GER"]

1. e4 g6 2. d4 Bg7 3. Nc3 c6 4. Nf3 d5 5. h3 dxe4 6. Nxe4 Nd7 7. Bc4 Ngf6 8.
Nxf6+ Nxf6 9. O-O O-O 10. Re1 b6 11. c3 Bb7 12. Bg5 Qc7 13. Ne5 Nd5 14. Ng4 e6
15. Bxd5 cxd5 16. Bf6 Bxf6 17. Nxf6+ Kg7 18. Qf3 Qe7 19. Ng4 b5 20. Re3 Rab8
21. Rae1 Bc6 22. Qf4 Rbe8 23. Ne5 Bd7 24. Nd3 Bc6 25. Nc5 Rb8 26. a3 a5 27. b4
Ra8 28. h4 h6 29. h5 g5 30. Qe5+ Kh7 31. g4 Ra7 32. Rf3 axb4 33. cxb4 Rfa8 34.
Ree3 Qc7 35. Qf6 Qe7 36. Qxe7 Rxe7 37. Rc3 Be8 38. Nd3 Rea7 39. Ne5 Kg7 40.
Rfe3 Kf8 41. Kf1 Ke7 42. Ke1 Kd6 43. Rf3 Ke7 44. Nc6+ Bxc6 45. Rxc6 Rxa3 46.
Rc7+ Kd6 47. Rfxf7 Rd8 48. Rb7 Kc6 49. Rfc7+ Kd6 50. Rc2 Rd3 51. Rb6+ Ke7 52.
Rd2 Rxd2 53. Kxd2 Ra8 54. Rxb5 Ra2+ 55. Ke3 Ra3+ 56. Ke2 Ra2+ 57. Kf3 Ra3+ 58.
Ke2 1/2-1/2

[Event "FBL 1"]
[Site "?"]
[Date "2017.05.01"]
[Round "11.5"]
[White "Zschischang, Marine"]
[Black "Koehler, Inken"]
[Result "1-0"]
[WhiteElo "2037"]
[BlackElo "1968"]
[PlyCount "101"]
[EventDate "2016.10.22"]
[EventType "team-tourn"]
[EventCountry "GER"]
[WhiteTeam "Lehrte SK"]
[BlackTeam "Norderstedt TuRa Harksheide"]
[WhiteTeamCountry "GER"]
[BlackTeamCountry "GER"]

1. d4 d5 2. c4 c6 3. cxd5 cxd5 4. Nc3 Nf6 5. Nf3 e6 6. Ne5 Nc6 7. e3 Nxe5 8.
dxe5 Nd7 9. f4 Qb6 10. Bd3 Nc5 11. Bc2 Bd7 12. O-O Bc6 13. Rb1 Ne4 14. Bxe4
dxe4 15. b4 Rd8 16. Qc2 Rd3 17. b5 Bd5 18. Nxd5 Rxd5 19. Qc8+ Rd8 20. Qc4 Bc5
21. Qxe4 O-O 22. Kf2 Rd5 23. Rb3 Rfd8 24. Kf3 a6 25. Qc4 axb5 26. Qxb5 Qxb5 27.
Rxb5 b6 28. Rb3 Ra8 29. a3 Kf8 30. Ke2 Rad8 31. g4 Ke7 32. h4 R5d7 33. h5 h6
34. Rg1 g5 35. hxg6 fxg6 36. Rh1 Rh8 37. Kf3 h5 38. gxh5 gxh5 39. e4 Kf7 40.
Be3 Ra7 41. f5 Rxa3 42. Rxa3 Bxa3 43. Bxb6 Bb2 44. Bc7 Rc8 45. Rxh5 Kg7 46. Bd6
Rc3+ 47. Ke2 Rc4 48. Kd3 Rc3+ 49. Kd2 Rc4 50. fxe6 Rxe4 51. e7 1-0

[Event "FBL 1"]
[Site "?"]
[Date "2017.05.01"]
[Round "11.1"]
[White "Dengler, Dijana"]
[Black "Batsiashvili, Nino"]
[Result "0-1"]
[WhiteElo "2046"]
[BlackElo "2496"]
[PlyCount "104"]
[EventDate "2016.10.22"]
[EventType "team-tourn"]
[EventCountry "GER"]
[WhiteTeam "Muenchen FC Bayern"]
[BlackTeam "Schwaebisch Hall SK"]
[WhiteTeamCountry "GER"]
[BlackTeamCountry "GER"]

1. d4 Nf6 2. Bg5 d5 3. Nd2 c5 4. Bxf6 gxf6 5. dxc5 e5 6. e4 Be6 7. b4 Nc6 8.
exd5 Qxd5 9. c3 Rg8 10. Qf3 f5 11. Bc4 Qxf3 12. gxf3 Rd8 13. Bxe6 fxe6 14. Ne2
Rd3 15. O-O-O Rg2 16. Kc2 Rd5 17. Rdf1 Bh6 18. Nc4 Ke7 19. Rhg1 Rg6 20. Rxg6
hxg6 21. Rd1 Kf6 22. h4 Bf8 23. Ne3 Rxd1 24. Kxd1 Be7 25. Nc4 Kg7 26. a4 Bxh4
27. b5 Nd8 28. Nxe5 Bxf2 29. Nd4 Bg3 30. Nc4 Bb8 31. a5 e5 32. Nc2 Ne6 33. c6
bxc6 34. bxc6 Kf6 35. Nb4 Nc7 36. Nb6 axb6 37. axb6 Ke6 38. bxc7 Bxc7 39. Na6
Kd6 40. Nb4 Ba5 41. c7 Bxc7 42. Kc2 Ba5 43. Nd3 g5 44. Ne1 e4 45. fxe4 fxe4 46.
Ng2 Ke5 47. Ne3 Kf4 48. Nc4 g4 49. Nxa5 g3 50. Nb3 g2 51. Nd4 Ke3 52. Nf5+ Kf2
0-1

[Event "FBL 1"]
[Site "?"]
[Date "2017.05.01"]
[Round "11.3"]
[White "Vidonyak, Nellya"]
[Black "Videnova, Iva"]
[Result "0-1"]
[WhiteElo "2123"]
[BlackElo "2370"]
[PlyCount "100"]
[EventDate "2016.10.22"]
[EventType "team-tourn"]
[EventCountry "GER"]
[WhiteTeam "Muenchen FC Bayern"]
[BlackTeam "Schwaebisch Hall SK"]
[WhiteTeamCountry "GER"]
[BlackTeamCountry "GER"]

1. b3 g6 2. Bb2 Nf6 3. e4 Bg7 4. g3 d6 5. Bg2 e5 6. Ne2 h5 7. h3 c5 8. Nbc3 Nc6
9. Nd5 Be6 10. Nxf6+ Bxf6 11. Nc3 Qd7 12. Nd5 Bg7 13. d3 Rc8 14. f4 O-O 15. f5
Bxd5 16. exd5 Ne7 17. g4 gxf5 18. gxh5 Bh6 19. Bc1 Bxc1 20. Qxc1 f4 21. Bf3 Kh8
22. Qd2 Rg8 23. Bg4 f5 24. Bf3 Rg3 25. Qf2 Qe8 26. O-O-O Qf7 27. c4 Rcg8 28.
Rdf1 R8g7 29. Qb2 Ng8 30. b4 b6 31. h6 Rh7 32. bxc5 bxc5 33. Bd1 Qf8 34. Kb1
Qxh6 35. Qb8 Rgg7 36. Bb3 Qf6 37. Rfg1 f3 38. Rf1 e4 39. Rhg1 Qd4 40. Rxg7
Qxd3+ 41. Kb2 Rxg7 42. Rd1 Qe2+ 43. Ka3 Qh2 44. Qf8 Qe5 45. h4 Qf6 46. Qe8 Qf7
47. Qxf7 Rxf7 48. Rf1 Nf6 49. Bd1 Ng4 50. Ba4 Ne3 0-1